Регионална библиотека "Любен Каравелов" - Русе

Залез слънце (Запис номер 376723)

MARC детайли
000 -Лидер
Контролно поле с фиксирана дължина nam a22 7a 4500
003 - Код на организацията, давaща контролен номер
Контролно поле BLK
005 - Дата и час на последна редакция
Контролно поле 20200723134516.0
008 - Елементи от данни с фиксирана дължина
fixed length control field 200531b bu ||||| |||| 00| 0 bu d
040 ## - Източник на каталожния запис
Идентификатор на билиотеката - собственик на записа BLK
041 ## - Код за език
Код за езика на текст/звукозапис или на отделно заглавие Български
Код за езика КДБФ Български
080 ## - УДК
Текстов определител УДК Българска литература
УДК код - определител по УДК 821.163.2-32
УДК определител -32
УДК - код + определител 821.163.2-32
100 ## - Редна дума - Автор
R(LIN) 327705
Автор Русев, Харалан
Авторска отговорност първи автор
139 ## - Редно поле
Редна дума Русев, Харалан
Авторски знак Русе - Р 94
245 ## - Сведения за заглавието
Заглавие Залез слънце
Подзаглавни данни Разкази
Редно поле (дума) Харалан Русев
257 ## - Страна на издаване
Страна на създаване/издаване България
260 ## - Област на издателските данни
Място на издаване, разпространение и проч. София
Име на издателя, разпространителя и проч. Бълг. писател
Година на издаване 1957
300 ## - Физическа характеристика
Страници 263 с.
Размери/Мащаб 18 см
380 ## - Жанр
Жанр Худож. лит.
852 ## - Местоположение
Форматна сигнатура Цб І 1128
Фондова буква Хранилище
999 ## - СИСТЕМНИ КОНТРОЛНИ НОМЕРА
Koha biblionumber 376723
Koha biblioitemnumber 376723
942 ## - АРТИКУЛИ
Вид на библиотечния материал Книги
Скрит в OPAC Не
Периодичен библиозапис Да
944 ## - СЪЗДАВАНЕ И РЕДАКЦИЯ на ЗАПИСА
Създаване/Редакция Създаване
Дата на регистрацията/редакция 2020-07-23
Служител, извършил регистрацията/редакцията НР
Наличности
Код за отписване Код за изгубен артикул Източник на класификационната схема Код за повреда Коз за рестрикции Код за отдаване Артикулен № Име на библиотеката - собственик Име на библиотеката, в която се намира в момента Статус (Текущо местоположение) Дата на вписване в системата Местоположение - отдел Цена в лева Инвентарен номер Систематично азбучна сигнатура Баркод Цена в евро Служебен тип на артикула
Изтеглен Не е изгубен Universal Decimal Classification Не е повреден без рестрикции ползва се в читалня 785895 Регионална библиотека "Любен Каравелов" Русе Регионална библиотека "Любен Каравелов" Русе Хранилище 2020-07-24 Хранилище 6.50 203/57-пф Цб І 1128 203/57-пф 3.32 Книги
  Не е изгубен Universal Decimal Classification Не е повреден без рестрикции ползва се в читалня 870082 Регионална библиотека "Любен Каравелов" Русе Регионална библиотека "Любен Каравелов" Русе Основен фонд - ползва се само за читалня 2022-02-09 Хранилище 0.65 203/57-пф Цб I 1128 900000096601 0.33 Книги
Vip Innovations Ltd, Rousse, Bulgaria 2025